[Correspondence] (Record no. 116745)

MARC details
000 -LEADER
fixed length control field 00483ctc a22001935a 4500
001 - CONTROL NUMBER
control field L141573
008 - FIXED-LENGTH DATA ELEMENTS--GENERAL INFORMATION
fixed length control field 071203i19301940xxk eng u
035 ## - SYSTEM CONTROL NUMBER
System control number (Sirsi) u141573
041 0# - LANGUAGE CODE
Language code of text/sound track or separate title eng
110 2# - MAIN ENTRY--CORPORATE NAME
Corporate name or jurisdiction name as entry element Valuers' Institution
245 01 - TITLE STATEMENT
Title [Correspondence]
Medium [manuscript]
260 ## - PUBLICATION, DISTRIBUTION, ETC.
Date of publication, distribution, etc. ca. 1930-1940
300 ## - PHYSICAL DESCRIPTION
Extent 1 packet
Dimensions 35 x 23 cm.
340 ## - PHYSICAL MEDIUM
Material base and configuration Manuscript
351 ## - ORGANIZATION AND ARRANGEMENT OF MATERIALS
Hierarchical level Fonds
651 4# - SUBJECT ADDED ENTRY--GEOGRAPHIC NAME
Geographic name United Kingdom
Chronological subdivision
690 ## - LOCAL SUBJECT ADDED ENTRY--TOPICAL TERM (OCLC, RLIN)
Topical term or geographic name as entry element ABOUT RICS-RELATED ORGANISATIONS
942 ## - ADDED ENTRY ELEMENTS (KOHA)
Suppress in OPAC 0
Holdings
Withdrawn status Lost status Source of classification or shelving scheme Damaged status Not for loan Home library Current library Shelving location Date acquired Total Checkouts Full call number Barcode Date last seen Copy number Price effective from Koha item type
    Dewey Decimal Classification     London London Basement 03/12/2007   BASMENT12 141573-1001 06/08/2019 1 06/08/2019 Archive